| 000 -LEADER |
| fixed length control field |
00938nam a2200253Ia 4500 |
| 001 - CONTROL NUMBER |
| control field |
16414 |
| 003 - CONTROL NUMBER IDENTIFIER |
| control field |
GE_BSU |
| 008 - FIXED-LENGTH DATA ELEMENTS--GENERAL INFORMATION |
| fixed length control field |
181216s||||||||xx |||||||||||||| ||und|| |
| 020 ## - INTERNATIONAL STANDARD BOOK NUMBER |
| International Standard Book Number |
978-0132859295 |
| 040 ## - CATALOGING SOURCE |
| Transcribing agency |
GE_BSU |
| 080 ## - UNIVERSAL DECIMAL CLASSIFICATION NUMBER |
| Universal Decimal Classification number |
624.012.4 |
| 100 ## - MAIN ENTRY--PERSONAL NAME |
| Personal name |
Aghayere, Abi O, George F. Limbrunner |
| 245 ## - TITLE STATEMENT |
| Title |
Reinforced Concrete Design |
| 250 ## - EDITION STATEMENT |
| Edition statement |
EIGHTH Edition |
| 260 ## - PUBLICATION, DISTRIBUTION, ETC. |
| Place of publication, distribution, etc. |
Boston |
| 260 ## - PUBLICATION, DISTRIBUTION, ETC. |
| Name of publisher, distributor, etc. |
PEARSON |
| 260 ## - PUBLICATION, DISTRIBUTION, ETC. |
| Date of publication, distribution, etc. |
2014 |
| 300 ## - PHYSICAL DESCRIPTION |
| Extent |
312 pages,ill,28cm |
| 653 ## - INDEX TERM--UNCONTROLLED |
| Uncontrolled term |
Reinforced Concrete Design Eighth Edition integrates current research and literature to give readers a modern understanding of the strength and behavior of reinforced concrete members and simple reinforced concrete structural systems. It takes a fundamental, non-calculus, practice-oriented approach |
| 653 ## - INDEX TERM--UNCONTROLLED |
| Uncontrolled term |
მშენებლობა |
| 653 ## - INDEX TERM--UNCONTROLLED |
| Uncontrolled term |
რკინაბეტონის დიზაინი |
| 942 ## - ADDED ENTRY ELEMENTS (KOHA) |
| Koha item type |
წიგნი |